[Event "GER-chT U20"]
[Site "Kelbra"]
[Date "2006.12.30"]
[Round "7.5"]
[White "Buerckner, Georg"]
[Black "Hirning, Oliver"]
[Result "1-0"]
[WhiteElo "1926"]
[BlackElo "1497"]
[PlyCount "107"]
[EventDate "2006.12.27"]
[EventType "team-swiss"]
[EventRounds "7"]
[EventCountry "GER"]
[SourceTitle "EXT 2008"]
[Source "ChessBase"]
[SourceDate "2007.11.25"]
[SourceVersion "1"]
[SourceVersionDate "2007.11.25"]
[SourceQuality "1"]
[WhiteTeam "Sangerhausen U20"]
[BlackTeam "Wolfbusch U20"]
[WhiteTeamCountry "GER"]
[BlackTeamCountry "GER"]

1. e4 e5 2. Nf3 Nc6 3. d4 exd4 4. c3 d5 5. exd5 Qxd5 6. cxd4 Nf6 7. Be2 Bb4+ 8. Nc3 0-0 9. 0-0 Bxc3 10. bxc3 Bf5 11. Bb2 Rfe8 12. Re1 Na5 13. Ne5 b5 14. Qd2 Rxe5 15. Qf4 Rxe2 16. Rxe2 Qc4 17. Rae1 Bg6 18. Qf3 c6 19. Qg3 h6 20. Qc7 Qa4 21. Bc1 Nd5 22. Qg3 Kh7 23. h4 Nf6 24. f3 Nh5 25. Qf2 Qc4 26. g4 Nf6 27. Bd2 Nb7 28. h5 Bd3 29. Re7 Nd6 30. Qg3 Nc8 31. R7e5 Ng8 32. f4 Qxa2 33. Qxd3+ Kh8 34. Re8 Nb6 35. Rxa8 Nxa8 36. g5 Qd5 37. Re5 Qd7 38. Qg3 Nc7 39. gxh6 Nxh6 40. f5 Nd5 41. Bxh6 gxh6 42. Qh4 a5 43. f6 Qd8 44. Rf5 Qg8+ 45. Kh1 a4 46. Rf3 a3 47. Rg3 Qc8 48. Rg6 Kh7 49. Qe4 Qh3+ 50. Kg1 Qe3+ 51. Qxe3 Nxe3 52. Rg7+ Kh8 53. Rxf7 Kg8 54. Ra7 1-0

[Event "GER-chT U20"]
[Site "Kelbra"]
[Date "2006.12.29"]
[Round "5.5"]
[White "Hirning, Oliver"]
[Black "Steiner, Albrecht"]
[Result "0-1"]
[WhiteElo "1497"]
[BlackElo "1680"]
[PlyCount "107"]
[EventDate "2006.12.27"]
[EventType "team-swiss"]
[EventRounds "7"]
[EventCountry "GER"]
[SourceTitle "EXT 2008"]
[Source "ChessBase"]
[SourceDate "2007.11.25"]
[SourceVersion "1"]
[SourceVersionDate "2007.11.25"]
[SourceQuality "1"]
[WhiteTeam "Wolfbusch U20"]
[BlackTeam "Leipzig Mitte U20"]
[WhiteTeamCountry "GER"]
[BlackTeamCountry "GER"]

1. e4 c5 2. Nf3 e6 3. d4 cxd4 4. Nxd4 a6 5. Bd3 Qc7 6. 0-0 Nf6 7. Nd2 b5 8. Re1 d6 9. N2f3 Nbd7 10. Be3 Bb7 11. Nd2 Rc8 12. f3 Be7 13. Qe2 Ne5 14. Rac1 Nxd3 15. Qxd3 d5 16. Bf2 dxe4 17. Nxe4 Nxe4 18. fxe4 0-0 19. Qe2 Rfd8 20. Nf3 Qc4 21. b3 Qc3 22. Bb6 Rd7 23. Qe3 Qxe3+ 24. Rxe3 Ba3 25. Rf1 Rd6 26. Bd4 Rxc2 27. Ra1 Bc5 28. Bxc5 Rxc5 29. a4 b4 30. Rae1 e5 31. Ng5 f6 32. Nh3 Bc8 33. Nf2 Be6 34. Nd3 Rc3 35. Nxb4 Rxb3 36. Rxb3 Bxb3 37. a5 Bc4 38. Rc1 Bb5 39. Nd5 Kf7 40. Rc7+ Rd7 41. Rc3 f5 42. Rf3 Ke6 43. Nb6 Rd1+ 44. Kf2 fxe4 45. Re3 Rd2+ 46. Kg1 Rd4 47. Kf2 Rd2+ 48. Kg1 Bd3 49. Na4 Kd5 50. Re1 Kd4 51. h3 e3 52. Nb6 e2 53. Kf2 Rd1 54. Nd7 0-1

[Event "GER-chT U20"]
[Site "Kelbra"]
[Date "2006.12.28"]
[Round "4.5"]
[White "Hirning, Oliver"]
[Black "Ottway, Christopher"]
[Result "0-1"]
[WhiteElo "1497"]
[BlackElo "1625"]
[PlyCount "52"]
[EventDate "2006.12.27"]
[EventType "team-swiss"]
[EventRounds "7"]
[EventCountry "GER"]
[SourceTitle "EXT 2008"]
[Source "ChessBase"]
[SourceDate "2007.11.25"]
[SourceVersion "1"]
[SourceVersionDate "2007.11.25"]
[SourceQuality "1"]
[WhiteTeam "Wolfbusch U20"]
[BlackTeam "Biebertal U20"]
[WhiteTeamCountry "GER"]
[BlackTeamCountry "GER"]

1. e4 e5 2. Nf3 Nc6 3. Bb5 a6 4. Ba4 Nf6 5. 0-0 b5 6. Bb3 Nxe4 7. Re1 d5 8. d3 Nf6 9. Nxe5 Nxe5 10. Rxe5+ Be6 11. Qe1 Be7 12. Bg5 Qd7 13. Bxf6 gxf6 14. Re3 0-0-0 15. d4 Rhg8 16. Qa5 Kb7 17. Qe1 c5 18. c3 c4 19. Bd1 Bd6 20. a4 Bg4 21. Nd2 Bxd1 22. Qxd1 Bf4 23. Re2 Rxg2+ 24. Kxg2 Rg8+ 25. Kf1 Qh3+ 26. Ke1 Rg1+ 0-1